000 00956nam a2200313 i 4500
003 DO-SdBNP
005 20230525153130.0
007 ta
008 230525b1975 sp ||||| |||| 00| 0 spa d
040 _aDO-SdBNP
_bspa
_cBNPHU
_erda
049 _aBNGR
082 4 _a863.6
_bV181f, 1975
_222
100 1 _aValle-Inclán, Ramón del,
_d1866-1936.
_93325
_eautor
245 1 0 _aFlor de santidad :
_bhistoria milenaria /
_cRamón del Valle-Inclán.
246 1 3 _aLa media noche :
_bvisión estelar de un momento de guerra.
250 _a5a ed.
264 _aMadrid :
_bEspasa-Calpe,
_c1975.
300 _a199 páginas ;
_c18 cm.
336 _2rdacontent
_atexto
_btxt
337 _2rdamedia
_asin mediación
_bn
338 _2rdacarrier
_avolumen
_bnc
490 _aAustral
_v302
590 _aInventariado, 2023/BT
650 4 _aNovela española
_91123
650 4 _aLiteratura española
_9632
830 _922386
910 _aBtavárez
942 _2ddc
_cLBS1
999 _c53617
_d53617